| 000 | 00857nam a22002537a 4500 | ||
|---|---|---|---|
| 003 | UA-OsUOA | ||
| 001 | 61820 | ||
| 007 | ta | ||
| 008 | 20090716b un ||||| |||| 00| 0 ukr d | ||
| 090 |
_a2 _bЦ48 |
||
| 942 | _cMG | ||
| 040 |
_aUA-OsUOA _brus _cUA-OsUOA _dUA-OsUOA |
||
| 245 |
_aЦерьковь и время _bЖурнал издается Отделом внешних церковных связей Московского Патриархата _cГлав. ред. Архиепископ Волоколамский Иларион |
||
| 300 | _a245 с. | ||
| 955 | _a1 | ||
| 041 | _arus | ||
| 080 | _a2 | ||
| 260 | _aМ. | ||
| 246 | 3 | 1 |
_aНаучно-богословский и церковно-общественный журнал _n |
| 044 | _aRU | ||
| 962 | _a1991 | ||
| 099 | _a79368 | ||
| 650 | 7 |
_a2 Релігія. Теологія. _2UDC |
|
| 999 |
_c347633 _d347633 |
||